000 00345nam a2200145Ia 4500
008 220216s9999 xx 000 0 und d
100 _aTuffley J
245 0 _aUse of rubber in cycles and motor cycles
260 _bRubber Developments
_c1953
300 _a123
650 _aMotor cycles
650 _aRubber
650 _aTyre
942 _cJS
999 _c71939
_d71939